Hamilton - Guns and Ships lyrics - Statistics

General Stats
  • This quiz has been taken 218 times
  • The average score is 8 of 54
Answer Stats
Lyrics % Correct
How does a ragtag volunteer army in need of a shower
61%
Somehow defeat a global superpower?
58%
Lafayette!
50%
Lafayette!
50%
Lafayette!
50%
Lafayette!
50%
Lafayette!
50%
How do we emerge victorious from the quagmire
48%
Leave the battlefield waving Betsy Ross' flag higher?
33%
Yo, turns out we have a secret weapon
33%
Alexander Hamilton
28%
Hamilton!
28%
Hamilton!
28%
Hamilton!
28%
Hamilton!
28%
Hamilton!
28%
Hamilton
28%
An immigrant you know and love who's unafraid to step in
27%
He's constantly confusing, confounding the British henchmen
19%
I'm taking this horse by the reins
9%
Everyone give it up for America's favourite fighting Frenchman!
8%
Making redcoats redder with bloodstains
7%
And I'm never gonna stop until I make em drop
5%
And ships
4%
And so the balance shifts
4%
Alexander
3%
I come back with more guns
3%
I go to France for more funds
3%
I need my right hand man back
3%
And burn em up and scatter their remains, I'm
2%
Enraging em! I'm
2%
Get your right hand man back
2%
I know
2%
Watch me engaging em, escaping em
2%
We rendezvous with Rochambeau, consolidate their gifts
2%
But for this to succeed there is someone else we need
1%
I have soldiers that will yield for you
1%
Oh, Alexander Hamilton
1%
Sir you're gonna have to use him eventually
1%
They'll surrender by early light
1%
Troops are waiting in the field for you
1%
We can end this war in Yorktown, cut them off at sea
1%
What's he gonna do on the bench? I mean
1%
You know you gotta get your right hand man back
1%
You want to fight for your land back?
1%
But the sooner the better to get your right hand man back
0%
If we manage to get this right
0%
If you join us right now together we can turn the tide
0%
I mean you gotta put some thought into the letter
0%
Ingenuitive and fluent in French, I mean
0%
No one has more resilience
0%
Or matches my practical tactical brilliance
0%
Sir he knows what to do in a trench
0%
The world will never be the same
0%
No matching quizzes found
Score Distribution
Percent of People with Each Score
Percentile by Number Answered
Your Score History
You have not taken this quiz